All Nations to Defeat the Wallabies - Statistics

General Stats
  • This quiz has been taken 41 times
    23 since last reset
  • The average score is 12 of 12
Answer Stats
Year Answer % Correct
1928 England
100%
1948 France
100%
1958 Ireland
100%
2022 Italy
100%
1903 New Zealand
100%
2011 Samoa
100%
1921 South Africa
100%
1908 Wales
100%
1979 Argentina
95%
1952 Fiji
95%
1973 Tonga
95%
1927 Scotland
90%
No matching quizzes found
Score Distribution
Percent of People with Each Score
Percentile by Number Answered
Your Score History
You have not taken this quiz since the last reset